000
00312nam a2200121Ia 4500
008
220217s9999 xx 000 0 und d
245
0
_a
Testing of elastomers. Accelerated ageing
260
_c
1977
500
_a
Standard number: DIN 53 508
650
_a
Accelerated ageing
650
_a
Elastomers
942
_c
ST
999
_c
73320
_d
73320